000 00575nam a2200229Ia 4500
003 OSt
005 20221005125235.0
006 a|||||r|||| 00| 0
007 ta
008 221004b |||||||| |||| 00| 0 kan d
024 _a61877
037 _cTextual
040 _aCRL
_cCRL
_bkan
041 _2kan
_akan
082 _aY35:351,216, 33J5.1
100 _aKrishna Sri Au.
_9636378
245 0 _aPalle padalu
260 _c1955
650 _aSOCIOLOGY
942 _hY35:351,216, 33J5.1
_cTEXL
_2cc
999 _c1053384
_d1053384